Drapeaux territoriaux - Statistiques

Statistiques générales
  • Ce quiz a été pris 213 fois
  • Le résultat moyen est 37 sur 76
Statistiques - réponses
Par images Réponse % Correct
Hong Kong
96%
Guam
92%
Îles Féroé
88%
Macao
85%
Porto Rico
84%
Groenland
81%
Nouvelle-Calédonie
80%
Île de Man
79%
Samoa américaines
76%
Guadeloupe
74%
La Réunion
72%
Palestine
72%
Îles Cook
71%
Polynésie française
70%
Gibraltar
68%
Île Norfolk
68%
Saint Pierre-et-Miquelon
68%
Niue
67%
Jersey
66%
Île Christmas
63%
Îles Vierges américaines
63%
République turque de Chypre du Nord
62%
Wallis-et-Futuna
62%
Antarctique
60%
Martinique
60%
Guernesey
59%
Îles Cocos
59%
Mayotte
59%
Aruba
57%
Åland
56%
Anguilla
56%
République arabe sahraouie démocratique
56%
Guyane française
55%
Ossétie du Sud
53%
Curaçao
52%
Tokelau
52%
République d'Abkhazie
51%
Wake
51%
Bermudes
50%
Saint-Martin
50%
Terres australes et antarctiques françaises
49%
Îles Vierges britanniques
47%
Bonaire
46%
Haut-Karabagh
45%
Îles Malouines
45%
Transnistrie
45%
Îles Mariannes du Nord
44%
Saba
43%
Saint-Barthélemy
41%
Saint-Eustache
40%
Île de Pâques
39%
Île de l'Ascension
37%
Montserrat
37%
Sainte-Hélène
37%
Somaliland
37%
Bougainville
36%
Îles Pitcairn
35%
Îles Caïmans
33%
Îles Turques-et-Caïques
33%
Martinique
31%
Açores
29%
Géorgie du Sud et Îles Sandwich du Sud
29%
Tristan da Cunha
25%
Territoire britannique de l'océan Indien
24%
Îles Canaries
21%
République populaire de Donetsk
19%
République populaire de Lougansk
17%
Atoll Johnston
11%
Îles Midway
9%
Territoire britannique antarctique
9%
Antarctique argentine
6%
Dépendance de Ross
6%
Territoire chilien de l'Antarctique
4%
Île de la Navasse
3%
Atoll Palmyra
2%
Grand duché de Westarctica
1%
Aucun quiz correspondant
Distribution des résultats
% des personnes avec chaque résultat
Percentile par nombre de réponses
Votre historique - résultats
Vous n’avez pas pris ce quiz